000 00261nam a2200109Ia 4500
008 190914s9999||||xx |||||||||||||| ||und||
100 _aKendell Scott
245 4 _aThe Unified Process Explained
260 _aUSA
_bMcGraw Hill
_c1998
300 _a218
942 _cBK
999 _c8419
_d8419